The particulars of the freehold and tithe-free estates of the late William Makepeace Thackeray Esq. at Hadley, Middlesex...comprising the substantial brick residence...also a commodious dwelling house...and two other houses...which will be sold by auction by Mr Taylor at Garraway's Coffee House, Change Alley, Cornhill on Tuesday the 30th of May 1815... (Record no. 116620)

MARC details
000 -LEADER
fixed length control field 00952cam a22002055a 4500
001 - CONTROL NUMBER
control field L141144
008 - FIXED-LENGTH DATA ELEMENTS--GENERAL INFORMATION
fixed length control field 071030s1815 xxk eng u
035 ## - SYSTEM CONTROL NUMBER
System control number (Sirsi) u141144
041 0# - LANGUAGE CODE
Language code of text/sound track or separate title eng
100 1# - MAIN ENTRY--PERSONAL NAME
Personal name Taylor
245 04 - TITLE STATEMENT
Title The particulars of the freehold and tithe-free estates of the late William Makepeace Thackeray Esq. at Hadley, Middlesex...comprising the substantial brick residence...also a commodious dwelling house...and two other houses...which will be sold by auction by Mr Taylor at Garraway's Coffee House, Change Alley, Cornhill on Tuesday the 30th of May 1815...
260 ## - PUBLICATION, DISTRIBUTION, ETC.
Place of publication, distribution, etc. S.l.
Name of publisher, distributor, etc. s.n.
Date of publication, distribution, etc. [1815]
300 ## - PHYSICAL DESCRIPTION
Extent 2 leaves
Dimensions 40 x 25 cm.
Accompanying material + 1 sheet (17 x 20 cm.)
340 ## - PHYSICAL MEDIUM
Material base and configuration Printed
351 ## - ORGANIZATION AND ARRANGEMENT OF MATERIALS
Hierarchical level Single item
500 ## - GENERAL NOTE
General note Item is accompanied by a letter from the donor dated 25 November 1943.
651 4# - SUBJECT ADDED ENTRY--GEOGRAPHIC NAME
Geographic name Middlesex
690 ## - LOCAL SUBJECT ADDED ENTRY--TOPICAL TERM (OCLC, RLIN)
Topical term or geographic name as entry element PROPERTY-PROPERTY ACQUISITION AND DISPOSAL-ACQUISITION AND DISPOSAL AT AUCTION
942 ## - ADDED ENTRY ELEMENTS (KOHA)
Suppress in OPAC 0
Holdings
Withdrawn status Lost status Source of classification or shelving scheme Damaged status Not for loan Home library Current library Shelving location Date acquired Total Checkouts Full call number Barcode Date last seen Copy number Price effective from Koha item type
    Dewey Decimal Classification     London London Basement 30/10/2007   BASEMENT BOX 5 141144-1001 06/08/2019 1 06/08/2019 Archive